000 00894nac a22002177a 4500
001 BR3600066
003 BR-BrBNA
005 20240105112808.0
008 230509b bl.|||m| |||| 00| 0 por d
040 _aBR-BrBNA
_bpor
_cBiblioteca Nacional de Agricultura
072 _aE15
090 _aE15 BR3600066
110 1 _aSecretaria de Estado dos Negocios da Agricultura, Industria e Comercio do Estado de Sao Paulo, Sao Paulo (Brasil). Depto. de Assistencia ao Cooperativismo
_98946
245 1 _aDo inventario e balanco nas cooperativas
260 3 _aSao Paulo, SP (Brasil):
_c1934.
300 _a24 p.
490 _aPublicacao - Secretaria de Estado dos Negocios da Agricultura, Industria e Commercio do Estado de Sao Paulo, Depto. de Assistencia ao Cooperativismo (Brazil)
_vno. 13
_x
650 _aCOOPERATIVA
909 _a202312
_bLúcia Elande
_c55
_dLúcia Elande
942 _2AGRIS
_n0
_cMS
999 _c260338
_d260338